| 000 | 00664nam a2200181 i 4500 | ||
|---|---|---|---|
| 001 | 153380 | ||
| 003 | ES-MaACL | ||
| 005 | 20250927111500.0 | ||
| 008 | 981111s1885 sp |||| |bspa d | ||
| 245 | 0 | 0 |
_aHistoria de Ruiz Zorrilla (D. Manuel) / _cpor D.E.M.R. |
| 260 |
_aMadrid : _b[s.n.], _c1885 ( _fImp. de F.G. Pérez) |
||
| 300 |
_a63 p. ; _c17 cm. |
||
| 530 | _aDisponible en formato digital. | ||
| 600 | 1 | 4 |
_aRuiz Zorrilla, Manuel, _d1833-1895 _9100967 |
| 852 |
_aES-MaACL _jFol-Laf-495 _z. - Legado de Modesto de la Fuente |
||
| 856 |
_uhttp://www.memoriademadrid.es/buscador.php?accion=VerFicha&id=30055 _zMemoria de Madrid |
||
| 999 |
_c153380 _d153380 |
||